[Event "Kvika Reykjavik Open 2022"]
[Site "Reykjavik ISL"]
[Date "2022.04.11"]
[Round "8.55"]
[White "Karason, Askell O"]
[Black "Mirza, Diana"]
[Result "1-0"]
[WhiteTitle "IM"]
[BlackTitle "WFM"]
[WhiteElo "2166"]
[BlackElo "1905"]
[WhiteFideId "2300567"]
[BlackFideId "2503999"]
[EventDate "2022.04.06"]

1. d4 Nf6 2. c4 e6 3. Nc3 Bb4 4. g3 O-O 5. Bg2 d5 6. Nf3 Bxc3+ 7. bxc3 b6 8. Ne5
Bb7 9. O-O Nbd7 10. Bg5 Qc8 11. Nxd7 Nxd7 12. cxd5 Bxd5 13. e4 Bb7 14. Qb3 h6
15. Be3 Nf6 16. f3 Qd7 17. Rfd1 Rfd8 18. Rac1 Bc6 19. Rd2 a5 20. Qb1 Rab8 21. c4
Ba4 22. e5 Ne8 23. f4 b5 24. d5 bxc4 25. Qe4 exd5 26. Rxd5 Qxd5 27. Qxd5 Rxd5
28. Bxd5 Rb2 29. Bxc4 Bc6 30. Bxf7+ Kxf7 31. Rxc6 Rxa2 32. f5 Ke7 33. Ra6 a4 34.
Bc5+ Kf7 35. Ra8 Rc2 36. Bb4 c5 37. Rc8 Rc1+ 38. Kf2 Rc2+ 39. Ke3 Rxh2 40. Bxc5
Rh1 41. e6+ Kf6 42. Rxe8 1-0

[Event "Kvika Reykjavik Open 2022"]
[Site "Reykjavik ISL"]
[Date "2022.04.11"]
[Round "8.57"]
[White "Zysko, Jan"]
[Black "Haraldsson, Haraldur"]
[Result "1-0"]
[WhiteElo "2110"]
[BlackElo "1903"]
[WhiteFideId "1141589"]
[BlackFideId "2311100"]
[EventDate "2022.04.06"]

1. d4 e6 2. e4 d5 3. Nd2 Nf6 4. e5 Nfd7 5. Ngf3 c5 6. c3 Nc6 7. Bd3 Qb6 8. O-O
cxd4 9. cxd4 Nxd4 10. Nxd4 Qxd4 11. Nf3 Qb6 12. a3 a5 13. Qa4 Be7 14. Be3 Qd8
15. Qg4 Kf8 16. Qf4 h6 17. h4 Nc5 18. Bg6 Qe8 19. Rac1 Na6 20. Bb6 a4 21. Rc3
Kg8 22. Bd3 Bd7 23. Nd4 g6 24. h5 Rc8 25. Rxc8 Bxc8 26. Qg4 Kh7 27. Rc1 Bd7 28.
Rc3 Rg8 29. Bc2 Kh8 30. hxg6 fxg6 31. f4 Qf7 32. Rg3 Kh7 33. Kh1 Nc5 34. Bxc5
Bxc5 35. Nf3 Be7 36. Qh5 Be8 37. Ng5+ Bxg5 38. fxg5 Rg7 39. gxh6 Rg8 40. Qg5 Qc7
41. Rc3 Qf7 42. Rf3 Qc7 43. Bd3 Qd7 44. Bb5 Qxb5 45. Qe7+ Kh8 46. h7 1-0

[Event "Kvika Reykjavik Open 2022"]
[Site "Reykjavik ISL"]
[Date "2022.04.11"]
[Round "8.58"]
[White "Gudmundsson, Gunnar Erik"]
[Black "Kracht, Raphael"]
[Result "1/2-1/2"]
[WhiteElo "1904"]
[BlackElo "2101"]
[WhiteFideId "2314339"]
[BlackFideId "16214382"]
[EventDate "2022.04.06"]

1. d4 Nf6 2. c4 e6 3. Nc3 Bb4 4. Qc2 O-O 5. a3 Bxc3+ 6. Qxc3 b6 7. Nf3 Bb7 8.
Bg5 d6 9. e3 Nbd7 10. Be2 Rc8 11. O-O Ne4 12. Bxd8 Nxc3 13. bxc3 Rfxd8 14. Rfd1
Kf8 15. Nd2 Ke7 16. f3 Nb8 17. Kf2 c5 18. Nb3 Bc6 19. a4 a5 20. d5 Be8 21. Nd2
Kd7 22. g4 Kc7 23. Ne4 e5 24. h4 Nd7 25. Ng3 Nf6 26. Bd3 g6 27. Rh1 Bd7 28. h5
g5 29. h6 Rh8 30. Nh5 Nxh5 31. Rxh5 f6 32. Bc2 Rce8 33. e4 Kb7 1/2-1/2

[Event "Kvika Reykjavik Open 2022"]
[Site "Reykjavik ISL"]
[Date "2022.04.11"]
[Round "8.59"]
[White "Hughes, Anthony"]
[Black "Ruiz Buendia, Miguel"]
[Result "0-1"]
[WhiteTitle "CM"]
[WhiteElo "1869"]
[BlackElo "2092"]
[WhiteFideId "1803093"]
[BlackFideId "24537675"]
[EventDate "2022.04.06"]

1. c4 c5 2. Nc3 Nc6 3. g3 g6 4. Bg2 Bg7 5. e4 a6 6. Nge2 b5 7. cxb5 axb5 8. Nxb5
Ba6 9. Nbc3 Nb4 10. O-O Bd3 11. Nf4 Bxf1 12. Bxf1 Nc6 13. b3 Nf6 14. Bb2 h5 15.
Nb5 O-O 16. h3 e5 17. Nd5 Nxd5 18. exd5 Nd4 19. Nd6 f5 20. Bxd4 cxd4 21. d3 h4
22. a4 hxg3 23. fxg3 e4 24. Bg2 Qc7 25. Nc4 Qxg3 26. Nb6 Ra7 27. Ra2 f4 28. Qg4
Qxg4 29. hxg4 f3 30. Bh3 e3 31. g5 e2 32. Kf2 Be5 33. Ra1 Bg3+ 34. Kxg3 f2 35.
Nxd7 Rxd7 36. Be6+ Kg7 0-1

[Event "Kvika Reykjavik Open 2022"]
[Site "Reykjavik ISL"]
[Date "2022.04.11"]
[Round "8.60"]
[White "Bosboom, Ardin"]
[Black "Mitra, Akash"]
[Result "1-0"]
[WhiteElo "2078"]
[BlackElo "1866"]
[WhiteFideId "1046454"]
[BlackFideId "1726714"]
[EventDate "2022.04.06"]

1. d4 e6 2. c4 Nf6 3. Nc3 Bb4 4. f3 d5 5. a3 Bxc3+ 6. bxc3 b6 7. cxd5 exd5 8. e3
O-O 9. Bd3 c5 10. Ne2 Re8 11. O-O Nc6 12. Ng3 a5 13. Re1 Ba6 14. Bxa6 Rxa6 15.
Bb2 cxd4 16. cxd4 b5 17. e4 Qb6 18. Kh1 b4 19. e5 Nd7 20. Qd2 bxa3 21. Rxa3 Qb4
22. Qf2 Nxd4 23. Rd3 Nc2 24. Rb1 Rc6 25. f4 Nb6 26. Rdd1 Qc5 27. Qf3 Nb4 28. Nh5
Qc2 29. f5 Rh6 30. e6 Qe4 31. Qg3 g5 32. Qxg5+ 1-0

[Event "Kvika Reykjavik Open 2022"]
[Site "Reykjavik ISL"]
[Date "2022.04.11"]
[Round "8.61"]
[White "Foerster-Yialamas, Lucas"]
[Black "Arnalds, Stefan"]
[Result "1-0"]
[WhiteTitle "CM"]
[WhiteElo "2075"]
[BlackElo "1900"]
[WhiteFideId "30901774"]
[BlackFideId "2304821"]
[EventDate "2022.04.06"]

1. e4 c5 2. Nf3 e6 3. d4 cxd4 4. Nxd4 Nf6 5. Nc3 Nc6 6. Ndb5 Bb4 7. a3 Bxc3+ 8.
Nxc3 d5 9. exd5 exd5 10. Bd3 O-O 11. O-O d4 12. Ne2 Bg4 13. Bg5 Re8 14. Re1 h6
15. Bh4 g5 16. Bg3 Nh5 17. f3 Be6 18. Bf2 Nf4 19. Nxf4 gxf4 20. Qd2 Qg5 21. h4
Qg7 22. Qxf4 Kh8 23. Be4 Rg8 24. g3 Rad8 25. Bxc6 bxc6 26. Rad1 c5 27. b4 Rd5
28. bxc5 Rf5 29. Qe4 Re8 30. Rxd4 Rxc5 31. Rd6 Re7 32. Bd4 1-0

[Event "Kvika Reykjavik Open 2022"]
[Site "Reykjavik ISL"]
[Date "2022.04.11"]
[Round "8.62"]
[White "Jonsson, Gauti Pall"]
[Black "Haraldsson, Sigurjon"]
[Result "1-0"]
[WhiteElo "2064"]
[BlackElo "1806"]
[WhiteFideId "2309092"]
[BlackFideId "2303655"]
[EventDate "2022.04.06"]

1. c4 e5 2. Nc3 Nf6 3. g3 d5 4. cxd5 Nxd5 5. Bg2 Nb6 6. e3 Be7 7. Nge2 O-O 8.
O-O c6 9. f4 exf4 10. Nxf4 N8d7 11. b3 Nf6 12. Bb2 Bf5 13. d4 Qc8 14. e4 Bg4 15.
Qe1 Nh5 16. Rc1 Nxf4 17. gxf4 Qd8 18. Nd1 Bh4 19. Qe3 Re8 20. Nf2 Bd7 21. Nd3
Be7 22. Qf3 Bf8 23. f5 c5 24. d5 Bb5 25. Rfe1 c4 26. Nf4 Qh4 27. e5 Bc5+ 28. Kh1
Bb4 29. Re4 Bd2 30. Rd1 c3 31. Bxc3 Bxc3 32. Qxc3 Rac8 33. Qf3 Rc2 34. f6 Rf2
35. Qe3 Rxa2 36. Rg1 gxf6 37. Bh3+ Qg5 38. Rxg5+ fxg5 39. Nh5 Kh8 40. Qd4 Nxd5
41. e6+ f6 42. Nxf6 Nxf6 43. Qxf6+ Kg8 44. Qxg5+ Kh8 45. Qf6+ 1-0

[Event "Kvika Reykjavik Open 2022"]
[Site "Reykjavik ISL"]
[Date "2022.04.11"]
[Round "8.63"]
[White "Cramling Bellon, Anna"]
[Black "Sarkisian, Arman"]
[Result "1-0"]
[WhiteTitle "WFM"]
[WhiteElo "2057"]
[BlackElo "1862"]
[WhiteFideId "32009232"]
[BlackFideId "261858"]
[EventDate "2022.04.06"]

1. d4 Nf6 2. c4 c6 3. Nf3 d5 4. Nc3 dxc4 5. a4 Bf5 6. Nh4 Bg4 7. f3 Bd7 8. g3 e6
9. e4 b5 10. d5 cxd5 11. axb5 Bb4 12. e5 Ng8 13. Qa4 a5 14. Be3 Na6 15. Bh3 Nc7
16. O-O Qb8 17. Rfd1 Ne7 18. f4 Nxb5 19. Qc2 g6 20. f5 gxf5 21. Bg5 Bc5+ 22. Kh1
d4 23. Na4 Bc6+ 24. Bg2 Bxg2+ 25. Nxg2 Qxe5 26. Qxc4 Ba7 27. Bf6 Qxf6 28. Qxb5+
Kf8 29. Qb7 Kg7 30. Nf4 Kh6 31. g4 e5 32. g5+ Qxg5 33. Rd3 Ng6 34. Rh3+ Nh4 35.
Qc6+ f6 36. Rg1 Rac8 37. Rxg5 Rxc6 38. Rg1 1-0

[Event "Kvika Reykjavik Open 2022"]
[Site "Reykjavik ISL"]
[Date "2022.04.11"]
[Round "8.64"]
[White "Held, Thomas"]
[Black "Acevedo Mendez, Lisseth"]
[Result "1-0"]
[BlackTitle "WIM"]
[WhiteElo "2054"]
[BlackElo "1801"]
[WhiteFideId "1308335"]
[BlackFideId "6502938"]
[EventDate "2022.04.06"]

1. e4 c5 2. Nf3 e6 3. c3 Nc6 4. d4 cxd4 5. cxd4 d5 6. e5 Bb4+ 7. Nc3 a6 8. Bd3
Qc7 9. O-O Nge7 10. Re1 Ng6 11. h4 Nxh4 12. Nxh4 Nxd4 13. Bd2 Nc6 14. Rc1 Qb6
15. Qg4 g6 16. Qf4 Be7 17. Nf3 h6 18. Na4 Qd8 19. Nc5 g5 20. Qa4 Bxc5 21. Rxc5
Bd7 22. Qg4 Qb6 23. b4 a5 24. Rb5 Qc7 25. bxa5 Nxa5 26. Rc1 Nc6 27. Rcb1 Nxe5
28. Nxe5 Qxe5 29. Rxb7 Bc6 30. R7b6 Bd7 31. Qb4 Rc8 32. Ba6 1-0

[Event "Kvika Reykjavik Open 2022"]
[Site "Reykjavik ISL"]
[Date "2022.04.11"]
[Round "8.65"]
[White "Larkin, Benjamin"]
[Black "Barthel, Ansgar"]
[Result "0-1"]
[WhiteElo "1857"]
[BlackElo "2053"]
[WhiteFideId "479977"]
[BlackFideId "4643461"]
[EventDate "2022.04.06"]

1. e4 d6 2. d4 Nf6 3. Nc3 c6 4. Be3 Nbd7 5. f4 Qa5 6. Bd3 e5 7. Nf3 Be7 8. Qd2
b5 9. O-O Ng4 10. Nd1 Qc7 11. c4 bxc4 12. Bxc4 Nb6 13. Bb3 Ba6 14. Re1 Nc4 15.
Qc1 Ncxe3 16. Nxe3 Nxe3 17. Qxe3 exf4 18. Qxf4 O-O 19. Rac1 Qb6 20. Kh1 Rac8 21.
e5 c5 22. Bc2 cxd4 23. exd6 Bxd6 24. Bxh7+ Kxh7 25. Qh4+ Kg8 26. Ng5 Bd3 27.
Rxc8 Rxc8 28. Qh3 Qa6 29. Qd7 Bg6 30. h4 Bf8 31. Qxd4 Qc4 32. Qf2 Qxa2 33. h5
Bxh5 34. Qf5 Bg6 35. Qxc8 Qxb2 36. Rd1 a5 37. Rd8 Qb4 38. Qc1 a4 39. Ra8 a3 40.
Qd1 Qh4+ 41. Nh3 Be4 42. Rxf8+ Kxf8 43. Qd6+ Kg8 44. Qxa3 Qg4 0-1

[Event "Kvika Reykjavik Open 2022"]
[Site "Reykjavik ISL"]
[Date "2022.04.11"]
[Round "8.66"]
[White "Jonsson, Kristjan Dagur"]
[Black "Marzik, Hans"]
[Result "0-1"]
[WhiteElo "1828"]
[BlackElo "2050"]
[WhiteFideId "2313413"]
[BlackFideId "16254686"]
[EventDate "2022.04.06"]

1. d4 Nf6 2. c4 g6 3. Nc3 Bg7 4. e4 d6 5. h3 Nbd7 6. Be3 e5 7. d5 Nc5 8. f3 a5
9. g4 O-O 10. Nge2 Nfd7 11. Ng3 Bf6 12. Qd2 Bh4 13. Bf2 Bg5 14. Qc2 c6 15. Be2
Na6 16. a3 Nf6 17. h4 Bf4 18. h5 cxd5 19. hxg6 fxg6 20. exd5 Nc5 21. Bd3 Qe7 22.
Nge4 Nfxe4 23. Bxe4 b6 24. Bh4 Bg5 25. Bxg5 Qxg5 26. Qh2 Ra7 27. Nb5 Qe3+ 28.
Kd1 Nxe4 29. Nxa7 Nf2+ 30. Kc2 Qd3+ 31. Kc1 Qxc4+ 32. Kb1 Qd3+ 33. Ka2 Qxd5+ 34.
Kb1 Qd3+ 35. Kc1 Nxh1 36. Qxh1 Rxf3 0-1

[Event "Kvika Reykjavik Open 2022"]
[Site "Reykjavik ISL"]
[Date "2022.04.11"]
[Round "8.67"]
[White "Kartsev, Nikolay"]
[Black "Kristinsson, Magnus"]
[Result "1-0"]
[WhiteElo "2041"]
[BlackElo "1734"]
[WhiteFideId "12939536"]
[BlackFideId "2305682"]
[EventDate "2022.04.06"]

1. e4 c5 2. c3 e6 3. d4 cxd4 4. cxd4 d5 5. e5 Ne7 6. Bd3 Qb6 7. Nc3 Nec6 8. Nge2
Nd7 9. Bc2 Be7 10. O-O O-O 11. Kh1 f6 12. Nf4 Nxd4 13. Na4 Qc6 14. Qxd4 Qxc2 15.
Nxe6 Qc6 16. Nxf8 fxe5 17. Qd1 Nxf8 18. f4 b5 19. Nc3 Bb7 20. Rf2 Bc5 21. Re2 e4
22. Qb3 Kh8 23. Qxb5 Qc7 24. Bd2 Ne6 25. b4 Bc6 26. Qa6 Bb6 27. Rc1 Qd7 28. Ree1
Rf8 29. b5 Bb7 30. Qa3 Bc5 31. Qb3 Nd4 32. Qb2 Bb6 33. Na4 Nxb5 34. Nxb6 axb6
35. a4 Nd6 36. Qxb6 Nc4 37. Qb4 Ra8 38. Bc3 Nd6 39. Be5 Nc4 40. a5 Nxe5 41. fxe5
d4 42. e6 Qd5 43. Rc5 Qxe6 44. Qxb7 1-0

[Event "Kvika Reykjavik Open 2022"]
[Site "Reykjavik ISL"]
[Date "2022.04.11"]
[Round "8.68"]
[White "Steiner, Juraj"]
[Black "Gupta, Anand"]
[Result "0-1"]
[WhiteElo "2028"]
[BlackElo "1543"]
[WhiteFideId "367516"]
[BlackFideId "30951739"]
[EventDate "2022.04.06"]

1. d4 Nf6 2. c4 g6 3. Nc3 d5 4. Bg5 Bg7 5. Bxf6 Bxf6 6. cxd5 c5 7. Nf3 Qb6 8.
Qb3 cxd4 9. Qxb6 axb6 10. Nb5 Ra5 11. Nfxd4 Bxd4 12. Nxd4 Rxd5 13. e3 Nc6 14.
Rc1 O-O 15. Bc4 Rc5 16. O-O Nxd4 17. exd4 Rc6 18. Rfe1 Rd8 19. d5 Rc7 20. Kf1
Bf5 21. f3 Rxc4 22. Rxc4 Bd3+ 23. Kf2 Bxc4 0-1

[Event "Kvika Reykjavik Open 2022"]
[Site "Reykjavik ISL"]
[Date "2022.04.11"]
[Round "8.69"]
[White "Moerman, Thomas"]
[Black "Moller, Tomas"]
[Result "1-0"]
[WhiteElo "2022"]
[BlackElo "1340"]
[WhiteFideId "235644"]
[BlackFideId "2315343"]
[EventDate "2022.04.06"]

1. d4 d5 2. c4 c6 3. Nf3 Nf6 4. g3 e6 5. Bg2 Bb4+ 6. Nbd2 dxc4 7. Qc2 Nbd7 8.
O-O b5 9. b3 c3 10. Nb1 Bb7 11. a3 Bd6 12. Nxc3 Rc8 13. b4 Qc7 14. Qb3 O-O 15.
e4 e5 16. Rd1 a6 17. Bh3 Rcd8 18. Be3 Rfe8 19. Bg2 Ng4 20. Bg5 Ngf6 21. Rac1 Qb8
22. Ne2 h6 23. dxe5 Bxe5 24. Nxe5 Nxe5 25. Bxf6 gxf6 26. Nd4 Nc4 27. Qf3 c5 28.
Nf5 Ne5 29. Qh5 Bc8 30. Nxh6+ Kg7 31. f4 Ng6 32. Nxf7 1-0

[Event "Kvika Reykjavik Open 2022"]
[Site "Reykjavik ISL"]
[Date "2022.04.11"]
[Round "8.70"]
[White "Skahlberg Bjerknes-Lima de Faria, Warg"]
[Black "White, Nigel"]
[Result "1-0"]
[WhiteElo "1813"]
[BlackElo "2018"]
[WhiteFideId "1738100"]
[BlackFideId "455830"]
[EventDate "2022.04.06"]

1. c4 Nf6 2. g3 g6 3. Nc3 Bg7 4. Bg2 O-O 5. e4 d6 6. Nge2 e5 7. O-O Be6 8. d3 c6
9. h3 Qd7 10. Kh2 d5 11. b3 Na6 12. Bg5 dxe4 13. dxe4 h6 14. Be3 Nh5 15. Qxd7
Bxd7 16. Rad1 Bc8 17. Na4 Re8 18. Rd2 Bf8 19. Rfd1 b6 20. Rd8 Be6 21. Rxa8 Rxa8
22. f4 Nf6 23. fxe5 Nd7 24. Nd4 Ndc5 25. Nc3 Rc8 26. a3 Rc7 27. b4 Nd7 28. b5
Nac5 29. Nxc6 Bxc4 30. Nd5 Rb7 31. Nd8 Rb8 32. Nc6 Re8 33. Nc7 Rc8 34. Nd5 Kg7
35. h4 Re8 36. Nc7 Rc8 37. Nd5 a6 38. Bxc5 Nxc5 39. Nxb6 Bxb5 40. Nxc8 Bxc6 41.
Nd6 Nd7 42. Nc4 Bb5 43. Bf1 a5 44. Nd6 Bc6 45. Bb5 Bxb5 46. Nxb5 Nxe5 47. Rd5
Ng4+ 48. Kg1 Nf6 49. Re5 Ng4 50. Re8 Nf6 51. Ra8 Bc5+ 52. Kg2 Bb6 53. Kf3 Nd7
54. Ra6 Ne5+ 55. Ke2 Bd8 56. Ra8 Bb6 57. Nd6 h5 58. Ra6 Bc5 59. Ne8+ Kf8 60.
Rxa5 Bd4 61. Nd6 Ng4 62. Rd5 Be5 63. Nc4 Bxg3 64. a4 Bxh4 65. a5 Bf2 66. a6 Ba7
67. Rd7 Bc5 68. a7 Bxa7 69. Rxa7 f5 70. exf5 gxf5 71. Kf3 Nh6 72. Rh7 Nf7 73.
Rxh5 Ke7 74. Rxf5 Ke6 75. Ra5 Kf6 76. Kf4 Ke6 77. Rb5 Nd8 78. Ne5 Kd6 79. Kf5
Kc7 80. Kf6 Kc8 81. Ke7 Nb7 82. Nc6 Kc7 83. Na5 Nd8 84. Rc5+ Kb6 85. Rc1 1-0

[Event "Kvika Reykjavik Open 2022"]
[Site "Reykjavik ISL"]
[Date "2022.04.11"]
[Round "8.71"]
[White "Hauksdottir, Hrund"]
[Black "Manukonda, Arun"]
[Result "0-1"]
[WhiteElo "1746"]
[BlackElo "2014"]
[WhiteFideId "2302608"]
[BlackFideId "5080789"]
[EventDate "2022.04.06"]

1. e4 c5 2. Nf3 Nc6 3. d4 cxd4 4. Nxd4 Nf6 5. Nc3 e5 6. Ndb5 d6 7. Bg5 a6 8. Na3
b5 9. Nd5 Be7 10. Bxf6 Bxf6 11. c3 Bg5 12. Nc2 O-O 13. a4 Rb8 14. axb5 axb5 15.
h4 Bh6 16. Be2 f5 17. exf5 Bxf5 18. Ra6 Bxc2 19. Qxc2 Ne7 20. Qd3 Nf5 21. g3 Kh8
22. O-O b4 23. Nxb4 Qe8 24. Bg4 e4 25. Qe2 e3 26. Kh2 Qe5 27. Bxf5 Qxf5 28. f4
Rfe8 29. Rxd6 Qe4 30. Rd4 Qe7 31. Re1 Qc5 32. Qd3 Rbc8 33. Rxe3 Rf8 34. Rd5 Qa7
35. Qd4 Qa1 36. Re2 Qf1 37. Qe5 Rxf4 38. Qe6 Rxh4+ 0-1

[Event "Kvika Reykjavik Open 2022"]
[Site "Reykjavik ISL"]
[Date "2022.04.11"]
[Round "8.72"]
[White "Jaivardhan, Raj"]
[Black "Skarphedinsson, Ingvar Wu"]
[Result "1/2-1/2"]
[WhiteTitle "CM"]
[WhiteElo "2006"]
[BlackElo "1673"]
[WhiteFideId "25744437"]
[BlackFideId "2316943"]
[EventDate "2022.04.06"]

1. e4 e6 2. d4 d5 3. Nd2 Nf6 4. e5 Nfd7 5. Bd3 c5 6. c3 Nc6 7. Ne2 cxd4 8. cxd4
f6 9. exf6 Nxf6 10. Nf3 Bd6 11. O-O O-O 12. Nc3 e5 13. dxe5 Nxe5 14. Be2 Nxf3+
15. Bxf3 Be6 16. Bg5 Bc7 17. Bxf6 Rxf6 18. Bxd5 Qd6 19. Bxe6+ Qxe6 20. Nd5 Rf7
21. Nxc7 Rxc7 22. Re1 Qf6 23. Qb3+ Rf7 24. Re2 Rf8 25. Rd1 Kh8 26. Qd5 Re7 27.
Qd2 Ref7 28. Rde1 Qb6 29. Qe3 Qa5 30. a3 a6 31. b4 Qa4 32. Qc3 Qd7 33. Qb3 h6
34. h3 Qd4 35. Qe3 Qd6 36. Rd2 Qg6 37. Red1 Qf6 38. f3 Re7 39. Qd4 Qe6 40. Kf2
Rfe8 41. Qd5 Qg6 42. Qc4 b5 43. Qg4 Qb6+ 44. Qd4 Qe6 45. Qf4 Qg6 46. Kf1 Kh7 47.
Qd6 Qg5 48. Qd4 Qg3 49. Qd3+ Kh8 50. Qb1 Rf7 51. Qb3 Rfe7 52. Qb1 Rf7 53. Rd3
Qh2 54. Re3 Rff8 55. Rxe8 Rxe8 56. Kf2 Qe5 57. Qd3 Qb2+ 58. Rd2 Qf6 59. Qd6 Qh4+
60. Qg3 Qe7 61. Kf1 Qe3 62. Qf2 Qxa3 63. Qd4 Qc1+ 64. Rd1 Qc2 65. Qd3 Qc7 66.
Kf2 Qe7 67. Qd4 Qe2+ 68. Kg3 Qe7 69. Qh4 Qc7+ 70. Qf4 Qe7 71. Qh4 Qc7+ 1/2-1/2

[Event "Kvika Reykjavik Open 2022"]
[Site "Reykjavik ISL"]
[Date "2022.04.11"]
[Round "8.74"]
[White "Eedle, Eric F"]
[Black "Rice, Chris B"]
[Result "1/2-1/2"]
[WhiteElo "1559"]
[BlackElo "1989"]
[WhiteFideId "429627"]
[BlackFideId "404446"]
[EventDate "2022.04.06"]

1. d4 Nf6 2. c4 g6 3. f3 Bg7 4. e4 d6 5. Nc3 O-O 6. Bg5 Nc6 7. Nge2 a6 8. Qd2
Na5 9. Nc1 Nc6 10. Be2 Rb8 11. d5 Ne5 12. O-O c6 13. a4 Qa5 14. Kh1 Re8 15. f4
Ned7 16. Nb3 Qb6 17. Ra3 cxd5 18. cxd5 e6 19. a5 Qb4 20. Qc2 Nc5 21. Nxc5 Qxc5
22. dxe6 Bxe6 23. Qd2 Bc4 24. Bxf6 Bxf6 25. Rc1 Bxe2 26. Nxe2 Qb5 27. Nc3 Qb4
28. h3 Rbc8 29. Rca1 Bxc3 30. bxc3 Qxe4 31. Qxd6 Rcd8 32. Qc7 Rd2 33. Rg1 Rd3
34. Kh2 Red8 35. Rb3 R8d7 36. Qb8+ Kg7 37. Rgb1 R3d6 38. Rb4 Qf5 39. Qe8 Qxa5
40. Rxb7 Rxb7 41. Rxb7 Qf5 42. Rb4 Re6 43. Qa8 Qd3 44. Qc8 Qe3 45. Qc4 h5 46.
Qd4+ Qxd4 47. Rxd4 Kf6 48. Rd7 Rc6 49. Ra7 h4 50. Kg1 Rxc3 51. Rxa6+ Kf5 52. Kf2
Rc4 53. g4+ hxg3+ 54. Kxg3 Rc3+ 55. Kg2 Rd3 56. Ra7 f6 57. Ra6 Re3 58. Rb6 1/2-1/2

[Event "Kvika Reykjavik Open 2022"]
[Site "Reykjavik ISL"]
[Date "2022.04.11"]
[Round "8.75"]
[White "Thorsteinsson, Thorsteinn Jakob F"]
[Black "Filipovich, David"]
[Result "0-1"]
[WhiteElo "1394"]
[BlackElo "1975"]
[WhiteFideId "2317940"]
[BlackFideId "2600706"]
[EventDate "2022.04.06"]

1. e4 c6 2. d4 d5 3. e5 Bf5 4. Bd3 Bxd3 5. Qxd3 e6 6. Be3 Qb6 7. Qb3 Nd7 8. Nd2
Ne7 9. Ngf3 Nf5 10. Qxb6 axb6 11. g4 Nxe3 12. fxe3 b5 13. O-O Be7 14. e4 b4 15.
exd5 cxd5 16. c3 O-O 17. cxb4 Bxb4 18. a3 Be7 19. Rac1 Rfc8 20. Nb3 Rc6 21. Rxc6
bxc6 22. Rc1 Rb8 23. Nfd2 Bg5 24. Rc2 f6 25. exf6 Nxf6 26. h3 Be3+ 27. Kg2 Ne4
28. Nxe4 dxe4 29. Rc3 Bf4 30. Kf1 e5 31. dxe5 Bxe5 32. Re3 Bxb2 33. Na5 c5 34.
Nc4 Bd4 35. Rxe4 h6 36. h4 Rb3 37. Na5 Rxa3 38. Nc6 Bf6 39. h5 Ra6 40. Re6 Ra4
41. Ne5 Re4 42. Re8+ Kh7 0-1

[Event "Kvika Reykjavik Open 2022"]
[Site "Reykjavik ISL"]
[Date "2022.04.11"]
[Round "8.77"]
[White "Sigeman, Johan"]
[Black "Thorisson, Benedikt"]
[Result "1/2-1/2"]
[WhiteElo "2136"]
[BlackElo "1778"]
[WhiteFideId "1705601"]
[BlackFideId "2314576"]
[EventDate "2022.04.06"]

1. d4 Nf6 2. c4 g6 3. g3 Bg7 4. Bg2 d5 5. cxd5 Nxd5 6. Nf3 O-O 7. O-O Nb6 8. Nc3
Nc6 9. e3 Re8 10. b3 e5 11. dxe5 Nxe5 12. Nd4 a6 13. Ba3 Bg4 14. Qc2 Qc8 15. Ne4
Bh3 16. Rac1 Bxg2 17. Kxg2 Nd5 18. h3 b6 19. Nd2 c5 20. Ne2 Nc6 21. Ne4 1/2-1/2

[Event "Kvika Reykjavik Open 2022"]
[Site "Reykjavik ISL"]
[Date "2022.04.11"]
[Round "8.78"]
[White "De Coninck, Rafael"]
[Black "Jonsson, Johann"]
[Result "1/2-1/2"]
[WhiteElo "2119"]
[BlackElo "1770"]
[WhiteFideId "204501"]
[BlackFideId "2321688"]
[EventDate "2022.04.06"]

1. d4 d5 2. c4 c6 3. Nf3 Nf6 4. g3 a6 5. Bg2 b5 6. b3 e6 7. O-O Nbd7 8. Nbd2 Be7
9. Qc2 Ra7 10. Re1 bxc4 11. bxc4 c5 12. cxd5 Nxd5 13. Ne4 Rc7 14. Nxc5 Nxc5 15.
dxc5 Rxc5 16. Qa4+ Bd7 17. Qd4 Nb4 18. Qxb4 Rxc1 19. Qb7 Rxa1 20. Rxa1 Bb5 21.
Ne5 O-O 1/2-1/2

[Event "Kvika Reykjavik Open 2022"]
[Site "Reykjavik ISL"]
[Date "2022.04.11"]
[Round "8.79"]
[White "Riedelsheimer, Julia"]
[Black "Mai, Aron Thor"]
[Result "0-1"]
[WhiteElo "1663"]
[BlackElo "2081"]
[WhiteFideId "16212193"]
[BlackFideId "2313383"]
[EventDate "2022.04.06"]

1. d4 Nf6 2. c4 g6 3. Nc3 Bg7 4. e4 d6 5. f3 O-O 6. Be3 c5 7. d5 e6 8. Qd2 exd5
9. O-O-O d4 10. Bh6 dxc3 11. bxc3 Bxh6 12. Qxh6 Qe7 13. h4 b5 14. g4 Rd8 15. h5
Qf8 16. Qg5 Nbd7 17. hxg6 fxg6 18. Qh4 Bb7 19. Ne2 Qe7 0-1

[Event "Kvika Reykjavik Open 2022"]
[Site "Reykjavik ISL"]
[Date "2022.04.11"]
[Round "8.80"]
[White "Adavatkar, Rugved"]
[Black "Heer, Stephan"]
[Result "0-1"]
[WhiteElo "1652"]
[BlackElo "2067"]
[WhiteFideId "1055011"]
[BlackFideId "1302345"]
[EventDate "2022.04.06"]

1. d4 Nf6 2. c4 c5 3. d5 e6 4. Nc3 exd5 5. cxd5 d6 6. e4 g6 7. Bg5 Bg7 8. Nf3
O-O 9. Bd3 a6 10. a4 Re8 11. O-O Nbd7 12. Qd2 Qc7 13. b3 Rb8 14. Bh6 Bh8 15. h3
Ne5 16. Nxe5 Rxe5 17. f4 Re8 18. f5 Bd7 19. Bg5 c4 20. bxc4 Qc5+ 21. Kh2 Nh5 22.
f6 Qd4 23. Ne2 Qe5+ 24. Kg1 Nxf6 25. Qf4 Qxf4 26. Bxf4 Nxe4 27. Ra2 Nc5 28. Bb1
Be5 29. Bxe5 dxe5 30. a5 f5 31. g3 b5 32. axb6 Rxb6 33. Bc2 Reb8 34. Ra5 Nb7 35.
Ra2 Rc8 36. Rfa1 Rxc4 37. Bd3 Rc5 38. Rxa6 Rxa6 39. Bxa6 Nd6 40. Rd1 Kf8 41. Rd3
Ra5 42. Re3 Rxa6 0-1

[Event "Kvika Reykjavik Open 2022"]
[Site "Reykjavik ISL"]
[Date "2022.04.11"]
[Round "8.81"]
[White "Zamvar, Vipin"]
[Black "Dietzsch, Herbert"]
[Result "0-1"]
[WhiteElo "1620"]
[BlackElo "2027"]
[WhiteFideId "2403749"]
[BlackFideId "4608364"]
[EventDate "2022.04.06"]

1. e4 c5 2. Nf3 Nc6 3. d4 cxd4 4. Nxd4 Nf6 5. Nc3 e6 6. Be2 Bb4 7. Nxc6 bxc6 8.
Bd3 d5 9. exd5 cxd5 10. Bd2 O-O 11. a3 Ba5 12. b4 Bb6 13. O-O e5 14. Na4 e4 15.
Nxb6 Qxb6 16. Be2 d4 17. Bf4 Bb7 18. Bc4 Rad8 19. Qc1 Qc6 20. Be2 Nd5 21. Re1 e3
22. Bf3 Qg6 23. Bg3 Rc8 24. Ra2 Nc3 25. Rb2 Bxf3 26. gxf3 e2 27. Qd2 Qf6 28. Qd3
Rfd8 29. Rb3 h5 30. h4 g5 31. hxg5 Qxg5 32. Kh1 Kh8 33. Rxc3 dxc3 34. Qxe2 Re8
35. Qd1 Qd2 0-1